Loading...
| Mythology | 0 | 1 | 0 | 0 | 10 | 137 | 137.00 | 0 | 1 | 2.66 | 14.10 |
| History - World | 0 | 1 | 0 | 1 | 10 | 130 | 130.00 | 0 | 0 | 0.06 | 0.56 |
| Religion | 0 | 1 | 0 | 0 | 10 | 118 | 118.00 | 0 | 0 | 1.36 | 5.56 |
| Literature - World | 0 | 1 | 0 | 1 | 10 | 157 | 157.00 | 0 | 0 | 0.05 | 1.67 |
| Fine Arts - Other Arts | 0 | 1 | 0 | 0 | 10 | 110 | 110.00 | 0 | 1 | 2.84 | 6.94 |
| History - American | 0 | 1 | 1 | 0 | 5 | 97 | 97.00 | 0 | 1 | 2.52 | 6.94 |
| History - Other | 0 | 1 | 1 | 0 | 5 | 136 | 136.00 | 0 | 0 | 0.83 | 2.08 |
| Fine Arts - Classical Music and Opera | 0 | 0 | 0 | 0 | 0 | 0.00 | 0 | 0 | 0.00 | 0.00 | |
| History - European | 0 | 0 | 0 | 0 | 0 | 0.00 | 0 | 0 | 0.00 | 0.00 | |
| Philosophy | 0 | 0 | 0 | 0 | 0 | 0.00 | 0 | 0 | 0.00 | 0.00 | |
| Social Science | 0 | 0 | 1 | 0 | -5 | 0.00 | 0 | 0 | 0.00 | 0.00 | |
| Geography | 0 | 0 | 2 | 0 | -10 | 0.00 | 0 | 0 | 0.00 | 0.00 |